000 00337nam a2200121Ia 4500
008 191206s9999 xx 000 0 und d
020 _a9783110264074 (pbk.
090 _aQD502.C467
245 0 _aChemical energy
260 _cc2013
300 _a"xx, 479 pages ; illustrations (some color) ; 24 cm"
999 _c15663
_d15663